000 00524nam a2200169Ia 4500
008 240729s9999 xx 000 0 und d
022 _a2379-741X
245 0 _aWine Business Case Research Journal
260 _aUnited States
260 _bThe Wine Business Institute at Sonoma State University
650 _a Industries. Land use. Labor
650 _a Special industries and trades
650 _aSocial Sciences
856 _uhttps://doaj.org/toc/2625122ce24f44c1b43a87297156e102
942 _2ddc
942 _cDOAJEJ
999 _c65840
_d65840
945 _a1
_bMadushi Gamage
_c1
_dMadushi Gamage